Government signals legislation to change planning regime (Record no. 82406)

MARC details
000 -LEADER
fixed length control field 01374cab a22002055a 4500
001 - CONTROL NUMBER
control field L150120
008 - FIXED-LENGTH DATA ELEMENTS--GENERAL INFORMATION
fixed length control field 100604s2010 xxk 000 0 eng d
035 ## - SYSTEM CONTROL NUMBER
System control number (Sirsi) u150120
110 2# - MAIN ENTRY--CORPORATE NAME
Corporate name or jurisdiction name as entry element United Kingdom
Subordinate unit Department for Communities and Local Government
-- Planning Portal
9 (RLIN) 5103
245 00 - TITLE STATEMENT
Title Government signals legislation to change planning regime
Medium [electronic resource]
260 ## - PUBLICATION, DISTRIBUTION, ETC.
Date of publication, distribution, etc. 2010
490 ## - SERIES STATEMENT
Series statement Planning Portal News Release
Volume/sequential designation 27 May 2010
520 ## - SUMMARY, ETC.
Summary, etc. Proposes a Localism Bill and a second bill to revoke the previous governments plans to create unitary councils in Exeter, Norwich and Suffolk. These proposals will shift power from the state to local communities and strengthen local planning. The Localism Bill will legislate for some of the Coalition commitments including returning decision making on housing and planning to local councils by abolishing Regional Spatial Strategies and giving more powers for communities to help save local facilities and services threatened with closure.
590 ## - LOCAL NOTE (RLIN)
Local note KA NTK
650 24 - SUBJECT ADDED ENTRY--TOPICAL TERM
Topical term or geographic name entry element DECENTRALISATION AND LOCALISM BILL
651 #4 - SUBJECT ADDED ENTRY--GEOGRAPHIC NAME
Geographic name England and Wales
Chronological subdivision 1543-
690 ## - LOCAL SUBJECT ADDED ENTRY--TOPICAL TERM (OCLC, RLIN)
Topical term or geographic name as entry element ENVIRONMENTAL AND LAND CONSULTANCY-PLANNING AND DEVELOPMENT
856 48 - ELECTRONIC LOCATION AND ACCESS
Uniform Resource Identifier <a href="https://www.planningportal.gov.uk/general/news/stories/2010/may2010/2010_05_week_3/270510_1">https://www.planningportal.gov.uk/general/news/stories/2010/may2010/2010_05_week_3/270510_1</a>
Public note View the website free of charge at www.planningportal.gov.uk
942 ## - ADDED ENTRY ELEMENTS (KOHA)
Suppress in OPAC 0
Holdings
Withdrawn status Lost status Source of classification or shelving scheme Damaged status Not for loan Home library Current library Shelving location Date acquired Total Checkouts Full call number Barcode Date last seen Copy number Price effective from Koha item type
    Dewey Decimal Classification     Virtual Virtual Online 04/06/2010   L150120 150120-2001 06/08/2019 1 06/08/2019 Journal article